Positive image (Record no. 77460)

MARC details
000 -LEADER
fixed length control field 00981cab a2200181 4500
001 - CONTROL NUMBER
control field ##L134334
008 - FIXED-LENGTH DATA ELEMENTS--GENERAL INFORMATION
fixed length control field 060727n2006 000 0 eng u
035 ## - SYSTEM CONTROL NUMBER
System control number (Sirsi) u134334
041 0# - LANGUAGE CODE
Language code of text/sound track or separate title eng
100 1# - MAIN ENTRY--PERSONAL NAME
Personal name Pickard, Martin
245 00 - TITLE STATEMENT
Title Positive image
260 ## - PUBLICATION, DISTRIBUTION, ETC.
Date of publication, distribution, etc. 2006
490 #0 - SERIES STATEMENT
Series statement Premises and Facilities Management
Volume/sequential designation July 2006, 15-16(2)
520 ## - SUMMARY, ETC.
Summary, etc. This fourth article in the F word series considers the contribution facilities managers can make in maintaining and protecting the corporate reputation. Reviews some of the latest scandals. Argues that facilities managers should guard against these by professionalism and enhance corporate reputation through pro-active innovation. Includes a six-point guide to maintaining corporate image and some examples of good practice in corporate social responsibility driven by facilities management. (See also L133291, L133619 and L133934).
590 ## - LOCAL NOTE (RLIN)
Local note IKA010806
690 ## - LOCAL SUBJECT ADDED ENTRY--TOPICAL TERM (OCLC, RLIN)
Topical term or geographic name as entry element MANAGEMENT-FACILITIES MANAGEMENT
942 ## - ADDED ENTRY ELEMENTS (KOHA)
Suppress in OPAC 0
Holdings
Withdrawn status Lost status Source of classification or shelving scheme Damaged status Not for loan Home library Current library Shelving location Date acquired Total Checkouts Full call number Barcode Date last seen Copy number Price effective from Koha item type
    Dewey Decimal Classification     London London Journal article 27/07/2006   L134334 134334-1001 06/08/2019 1 06/08/2019 Journal article